000 00613nam a22001937a 4500
003 0
005 20250822075950.0
008 250822b xxu||||| |||| 00| 0 eng d
020 _a978-1-63989-831-2
050 _aP 291
_b.B69 2024
100 _aBowers, Steve,
_eauthor.
245 _aSyntax :
_bknowledge to practice /
_cSteve Bowers.
260 _aBrooklyn, NY :
_bState Academic Press,
_c2024.
300 _a226 pages :
_billustrations ;
_c23 cm.
504 _aIncludes bibliographical references and index.
650 _aGrammar, Comparative and general
_xSyntax.
650 _aLinguistics.
942 _2lcc
_cBK
999 _c367556
_d367556